O carácter da criminalização dos movimentos sociais no Brasil /
Se describe la represión estatal en Brasil hacia los movimientos campesinos, específicamente la realizada en Rio Grande do Sul en el 2008. El texto denuncia la criminalización de dichos movimientos y el favorecimiento de las compañías transnacionales.
Guardado en:
| 主要作者: | |
|---|---|
| 格式: | Texto |
| 主題: | |
| 標簽: |
添加標簽
沒有標簽, 成為第一個標記此記錄!
|
MARC
| LEADER | 00000 a a2200000 04500 | ||
|---|---|---|---|
| 001 | 11075 | ||
| 003 | |||
| 040 | |||
| 100 | |a Sanson, César | ||
| 245 | |a O carácter da criminalização dos movimentos sociais no Brasil / |c César Sanson | ||
| 520 | |a Se describe la represión estatal en Brasil hacia los movimientos campesinos, específicamente la realizada en Rio Grande do Sul en el 2008. El texto denuncia la criminalización de dichos movimientos y el favorecimiento de las compañías transnacionales. | ||
| 650 | |a 1.BRASIL | ||
| 650 | |a 2.REPRESION | ||
| 650 | |a 3.MOVIMIENTOS CAMPESINOS | ||
| 650 | |a 4.CONFLICTOS SOCIALES | ||
| 773 | |g volumen 9, número 24; páginas 197-208 | ||
| 999 | |c 35395 |d 35395 | ||
